Marketing / (Record no. 42599)

MARC details
000 -LEADER
fixed length control field 00646nam a22001937a 4500
005 - DATE AND TIME OF LATEST TRANSACTION
control field 20100819154321.0
010 ## - LCCN (DPL NO)
LC control number ENG-101003
020 ## - INTERNATIONAL STANDARD BOOK NUMBER
International Standard Book Number 9788189840198
Terms of availability 100.00
035 ## - SYSTEM CONTROL NUMBER
System control number EN-84536
037 ## - SOURCE OF ACQUISITION
Source of stock number/acquisition DBAD/PUB
082 ## - DEWEY DECIMAL CLASSIFICATION NUMBER
Classification number 658.8
100 ## - MAIN ENTRY--PERSONAL NAME
Personal name Eswaran R
245 ## - TITLE STATEMENT
Title Marketing /
Statement of responsibility, etc by R Eswaran
260 ## - PUBLICATION, DISTRIBUTION, ETC. (IMPRINT)
Place of publication, distribution, etc Erode
Name of publisher, distributor, etc Pallavi Publications
Date of publication, distribution, etc 2008
270 ## - ADDRESS
Address 194, Kanna Complex Mettur Road
City Erode
Postal code 638011
300 ## - PHYSICAL DESCRIPTION
Extent 108p
Dimensions 21cm(pbk)
942 ## - ADDED ENTRY ELEMENTS (KOHA)
Source of classification or shelving scheme Dewey Decimal Classification
Item type English Books
Classification part 658.8
Call number suffix ESW
Holdings
Withdrawn status Lost status Not for loan Collection code Home library Current library Date acquired Source of acquisition Cost, normal purchase price Full call number Barcode Copy number Cost, replacement price Koha item type
    Not For Loan Non-fiction D.B.Act.Division D.B.Act.Division 19/08/2010 DBAD/PUB 100.00 658.8 ESW EN-84536 1 100.00 English Books

© Delhi Public Library
Hit Counter
free hit counter